Statistics for Countries with Flags Before 1700s

Click here to take the quiz!

General Stats

  • This quiz has been taken 24 times
  • The average score is 58 of 115

Answer Stats

YearCountry% Correct
1444Albania
91%
1643France
73%
1277United Kingdom
73%
1526Pakistan
68%
1605Poland
68%
1693Russia
68%
1506Spain
68%
1536Argentina
64%
1697Brazil
64%
1506Cuba
64%
1663Dominica
64%
661Egypt
64%
1119Ukraine
64%
1606United States
64%
754Vatican City
64%
1388Algeria
59%
1606Canada
59%
1500Denmark
59%
1506Dominican Republic
59%
1400Germany
59%
1378Greece
59%
1663Haiti
59%
1526India
59%
1576Iran
59%
1711Libya
59%
1581Netherlands
59%
1536Norway
59%
1667Portugal
59%
1562Sweden
59%
1230Austria
55%
1576Azerbaijan
55%
1587Belarus
55%
1482Belgium
55%
1519Belize
55%
1431Cambodia
55%
1525Colombia
55%
1519El Salvador
55%
1562Finland
55%
1519Guatemala
55%
1519Honduras
55%
1526Hungary
55%
701Japan
55%
1482Luxembourg
55%
1519Mexico
55%
1696Montenegro
55%
1666Morocco
55%
1524Nicaragua
55%
1465San Marino
55%
1517Saudi Arabia
55%
825Slovakia
55%
1680Thailand
55%
1522Venezuela
55%
1541Chile
50%
1506Costa Rica
50%
1527Croatia
50%
1198Czech Republic
50%
1534Ecuador
50%
1592Estonia
50%
1542Ireland
50%
1530Malta
50%
1396Moldova
50%
1510Panama
50%
1537Paraguay
50%
1542Peru
50%
1111Romania
50%
1626Saint Kitts and Nevis
50%
1663Saint Lucia
50%
1663Saint Vincent and the Grenadines
50%
1218Serbia
50%
1335Slovenia
50%
1470Switzerland
50%
1352Bangladesh
45%
1377Bosnia and Herzegovina
45%
700Chad
45%
1008Georgia
45%
1581Guyana
45%
1536Iceland
45%
1640Indonesia
45%
1655Jamaica
45%
1526Latvia
45%
1400Liechtenstein
45%
1587Lithuania
45%
1641Malaysia
45%
960North Korea
45%
661Qatar
45%
1699Singapore
45%
1652South Africa
45%
960South Korea
45%
1574Tunisia
45%
1624Uruguay
45%
1667Angola
41%
1648Bahamas
41%
976Bahrain
41%
1632Barbados
41%
1612Ghana
41%
1663Grenada
41%
1281Kosovo
41%
1521Kuwait
41%
1415Somalia
41%
1581Suriname
41%
1661Taiwan
41%
1632Antigua and Barbuda
36%
1192Cyprus
36%
1697Lebanon
36%
1565Philippines
36%
1643Senegal
36%
1593Sri Lanka
36%
1368Brunei
32%
1667Mozambique
32%
1498Trinidad and Tobago
32%
1667Guinea-Bissau
27%
1667Cape Verde
23%
1666Mauritius
23%
1667Equatorial Guinea
18%
1667São Tomé and Príncipe
18%

Score Distribution

Percentile by Number Answered

Percent of People with Each Score

Your Score History

You have not taken this quiz